LEADER 00667nam a2200181 i 4500 001 000000138826 003 CaOOAMICUS 005 20260317095122.0 008 050511s1926 gw u000 u ger u 040 $aSeMil$bita 245 10$a1: Abel bis Fideikommiss. 300 $aX p., 1864 col. :$bmit 74 bildern und Kärtchen. 773 0 $tStaatslexikon.$dFreiburg im Breisgau : Herder, 1926-1932.$b5. von Grund aus Neubearbeitete Auflage.$gBand1$w()13454 850 $aSeMil 852 $aSeMil$W1$xVenegono$y1$B92267$CSeMilBibl$Z2$F97430 $8I 961 $aCon dedica autografa 996 $6245$a1: Abel bis Fideikommiss$9(OLS)http://semarc/title/202911